Estadísticas para Países que comienzan con E

Haz click aquí para tomar la prueba!

Estadísticas generales

  • Esta prueba ha sido tomada 9.341 veces
  • La puntuación promedio es 9 de 11

Estadísticas de respuestas

País% Correcto
España
89%
Estonia
87%
Egipto
82%
Ecuador
80%
Etiopía
80%
Estados Unidos
79%
Eritrea
78%
Eslovaquia
75%
Eslovenia
74%
El Salvador
67%
Emiratos Árabes Unidos
66%

Distribución de puntuación

Porcentaje por número respondido

Porcentaje de gente con cada puntuación

Historial de tus puntuaciones

No has tomado esta prueba